Statistiken für Rostocker Straßenbahnhaltestellen

Klicken Sie hier um das Quiz zu spielen!

Allgemein

  • Dieses Quiz wurde 63 mal gespielt
  • Das Durchschnittsergebnis liegt bei 18 aus 64

Antwortstatistiken

StationLinien% Korrekt
Hauptbahnhof2, 3, 5, 6
77%
Lange Straße1, 4, 5, 6
75%
Steintor/IHK1, 2, 3, 4, 5, 6
73%
Doberaner Platz1, 2, 3, 6
69%
Neuer Markt1, 4, 5, 6
69%
Kröpeliner Tor1, 4, 5, 6
67%
Mecklenburger Allee1, 5
48%
Stadthalle2, 3, 5, 6
48%
Kunsthalle1, 2, 5
44%
Lütten Klein Zentrum1, 5
44%
Dierkower Kreuz1, 2, 3, 4
42%
Neuer Friedhof3, 6
42%
Zoo3, 6
42%
Reutershagen1, 2, 5
40%
Volkstheater1, 2, 5
40%
Campus Südstadt4, 6
38%
Erich-Schlesinger Straße4, 5, 6
38%
Evershagen Süd1, 5
35%
Kabutzenhof1, 2, 5
35%
Saarplatz3, 6
35%
Stadthafen1, 2, 3, 4
35%
Südblick5
35%
Gerberbruch1, 2, 3, 4
33%
Helsinkier Straße1, 5
33%
Maßmannstraße1, 2, 5
33%
Südstadt-Center4, 5, 6
33%
Hafenallee1
27%
Platz der Jugend3, 6
25%
St. Petersburger Straße1, 5
25%
Warnowallee1, 5
25%
Dierkower Damm1, 2, 3, 4
23%
Fischerdorf1, 5
23%
Eutiner Straße1, 5
21%
Petridamm1, 2, 3, 4
21%
Thomas-Morus-Straße1, 5
21%
Dierkower Allee3,4
19%
Turkuer Straße1, 5
19%
Charles-Darwin-Ring5
17%
Klinikum Süd4, 6
17%
Kurt-Schumacher-Ring2
17%
Lomonossowstraße5
17%
Goetheplatz2, 3, 4
15%
Heinrich-Schütz-Straße1, 2, 5
15%
Lorenzstraße3,4
15%
Majakowskistraße5
15%
Robert-Koch-Straße4, 6
15%
Rügener Straße1, 5
15%
Dierkow Zentrum3,4
13%
Elmenhorster Weg1, 5
13%
Friedensforum1
13%
Katerweg3,4
13%
Schröderplatz2, 3, 4
13%
Bertolt-Brecht-Straße1, 5
10%
Dr.-Lorenz-Weg3, 6
10%
Graf-Stauffenberg-Straße1
10%
Hölderlinweg1
10%
Leibnizplatz2, 3, 5, 6
10%
Martin-Niemöller-Straße1
10%
Ehm-Welk-Straße1, 5
8%
Hp Marienehe1, 5
8%
Hp Holbeinplatz1, 2, 5
6%
Hp Parkstraße3, 6
6%
Hinrichsdorfer Straße2
4%
Rahstädter Weg1, 5
2%

Verteilung der Resultate

Perzentil nach korrekt beantworteten Fragen

Anzahl Personen mit jedem Resultat

Ihre Resultats-Entwicklung

Sie haben dieses Quiz noch nicht gespielt